[Event "ESP-chT CECLUB Div2"]
[Site "Linares"]
[Date "2023.08.15"]
[Round "3.31"]
[White "De la Cruz Revilla, Miguel"]
[Black "Valles Moreno, Ivan"]
[Result "1/2-1/2"]
[WhiteElo "2287"]
[BlackElo "2327"]
[PlyCount "123"]
[EventDate "2023.08.13"]
[EventType "team-swiss"]
[EventRounds "7"]
[EventCountry "ESP"]
[SourceTitle "EXT 2024"]
[Source "ChessBase"]
[SourceDate "2023.10.10"]
[SourceVersion "1"]
[SourceVersionDate "2023.10.10"]
[SourceQuality "1"]
[WhiteTeam "Promesas de Valladolid"]
[BlackTeam "Villalba 64 Miscasa"]
[WhiteTeamCountry "ESP"]
[BlackTeamCountry "ESP"]

1. e4 e5 2. Nf3 d6 3. d4 exd4 4. Nxd4 Nf6 5. Nc3 Be7 6. Qf3 0-0 7. Qg3 Nc6 8. Nxc6 bxc6 9. Be2 Rb8 10. 0-0 Nd7 11. Qe3 Bb7 12. a4 d5 13. exd5 cxd5 14. Qh3 Nc5 15. Rd1 c6 16. Bf4 Bc8 17. Qg3 Rb4 18. Be5 Ne6 19. Qd3 f6 20. Bg3 Bc5 21. Bf3 Nd4 22. Ne2 Nxf3+ 23. Qxf3 Bg4 24. Qd3 Re8 25. Rd2 Rbe4 26. Re1 Qa5 27. c3 Qxa4 28. h3 Bh5 29. b4 Bb6 30. Kh2 Bg6 31. Qf3 Qa6 32. h4 Qc8 33. Ra1 Bf5 34. Nd4 Bd7 35. Qd3 R8e7 36. b5 c5 37. Nc6 Bxc6 38. bxc6 Qxc6 39. Qxd5+ Qxd5 40. Rxd5 Rc4 41. Ra3 Kf7 42. Kh3 Ke6 43. Rd6+ Kf5 44. Rd5+ Kg6 45. h5+ Kf7 46. f3 g6 47. Kh2 f5 48. h6 f4 49. Bh4 Ke6 50. Rd2 Rd7 51. Rxd7 Kxd7 52. Kh3 a5 53. Kg4 a4 54. Bf6 Ke6 55. Kg5 Ba5 56. Ra1 Bxc3 57. Bxc3 Rxc3 58. Rxa4 Rc2 59. Ra7 Rxg2+ 60. Kxf4 g5+ 61. Ke3 Kf5 62. Ra1 1/2-1/2

[Event "San Sebastian op 43rd"]
[Site "San Sebastian"]
[Date "2023.04.07"]
[Round "8"]
[White "De la Cruz Revilla, Miguel"]
[Black "Larkin, Vladislav"]
[Result "0-1"]
[WhiteElo "2270"]
[BlackElo "2450"]
[PlyCount "138"]
[EventDate "2023.04.01"]
[EventType "swiss"]
[EventRounds "9"]
[EventCountry "ESP"]
[SourceTitle "CBM 213 Extra"]
[Source "ChessBase"]
[SourceDate "2023.05.31"]
[SourceVersion "1"]
[SourceVersionDate "2023.05.31"]
[SourceQuality "1"]

1. e4 c5 2. Nf3 e6 3. d4 cxd4 4. Nxd4 a6 5. Nc3 Qc7 6. Bd3 Nf6 7. 0-0 Nc6 8. Nxc6 dxc6 9. f4 e5 10. Kh1 Bd6 11. f5 b5 12. Bg5 Bb7 13. a4 Rd8 14. Qe1 Bc5 15. Qh4 Qe7 16. Ne2 h6 17. Bd2 Rd6 18. Bc3 h5 19. h3 Ng4 20. Qxe7+ Kxe7 21. Be1 Nf6 22. Bh4 Kd7 23. Rf3 Kc7 24. Rg3 Rh7 25. Rf3 Nd7 26. Be1 Bb6 27. b4 h4 28. c4 bxc4 29. Bxc4 g5 30. fxg6 fxg6 31. Rc1 Nf6 32. Bc3 Re7 33. Bd3 Nh7 34. Bb1 Ng5 35. Rf8 Be3 36. Rcf1 c5 37. bxc5 Bxc5 38. Ba5+ Kd7 39. Nc3 Ne6 40. Rb8 Bc6 41. Nd5 Bxd5 42. exd5 Rxd5 43. Be4 Rd4 44. Rb7+ Kd6 45. Rxe7 Kxe7 46. Bxg6 Rxa4 47. Bd2 Nf4 48. Bxf4 exf4 49. Rb1 a5 50. Bc2 Ra2 51. Bb3 Ra3 52. Bc2 Kf6 53. Bh7 a4 54. Rb5 Ra1+ 55. Rb1 Rxb1+ 56. Bxb1 a3 57. Ba2 Ke5 58. Kh2 Kd4 59. Kg1 Kc3+ 60. Kf1 Kb2 61. Be6 a2 62. Bxa2 Kxa2 63. Ke2 Kb3 64. Kd3 Bf2 65. Ke2 Bg1 66. Kd3 Be3 67. Ke2 Kc2 68. Kf3 Kd2 69. Kg4 Ke2 0-1

[Event "San Sebastian op 43rd"]
[Site "San Sebastian"]
[Date "2023.04.06"]
[Round "7"]
[White "Martinez Duany, Lelys Stanley"]
[Black "De la Cruz Revilla, Miguel"]
[Result "0-1"]
[WhiteElo "2531"]
[BlackElo "2270"]
[PlyCount "92"]
[EventDate "2023.04.01"]
[EventType "swiss"]
[EventRounds "9"]
[EventCountry "ESP"]
[SourceTitle "CBM 213 Extra"]
[Source "ChessBase"]
[SourceDate "2023.05.31"]
[SourceVersion "1"]
[SourceVersionDate "2023.05.31"]
[SourceQuality "1"]

1. Nf3 Nf6 2. c4 c6 3. d4 d5 4. Nbd2 Bf5 5. g3 e6 6. Bg2 h6 7. 0-0 Be7 8. b3 0-0 9. Bb2 Ne4 10. Ne5 Nxd2 11. Qxd2 Nd7 12. Nd3 a5 13. a4 Qb6 14. Qc3 Bf6 15. e3 Rfd8 16. c5 Qa6 17. Nf4 Re8 18. h3 Bh7 19. Rfd1 Qa7 20. Rac1 Qb8 21. Re1 e5 22. Nh5 e4 23. Nxf6+ Nxf6 24. b4 Bg6 25. b5 Bh5 26. Qd2 Qc8 27. Bc3 Bf3 28. bxc6 bxc6 29. Rb1 Nh7 30. Bf1 Ng5 31. h4 Nh7 32. Rb6 g5 33. h5 Qg4 34. Bg2 Qxh5 35. Bxf3 exf3 36. Qd3 Nf6 37. Qf5 Re6 38. Reb1 Ng4 39. Qxf3 Qh2+ 40. Kf1 Rf6 41. Qxf6 Nxf6 42. Rb8+ Rxb8 43. Rxb8+ Kg7 44. Bxa5 Qh1+ 45. Ke2 Qc1 46. f3 Qc4+ 0-1

[Event "San Sebastian op 43rd"]
[Site "San Sebastian"]
[Date "2023.04.01"]
[Round "1"]
[White "De la Cruz Revilla, Miguel"]
[Black "Sarasketa Irastortza, Oier"]
[Result "1-0"]
[WhiteElo "2270"]
[BlackElo "1738"]
[PlyCount "51"]
[EventDate "2023.04.01"]
[EventType "swiss"]
[EventRounds "9"]
[EventCountry "ESP"]
[SourceTitle "CBM 213 Extra"]
[Source "ChessBase"]
[SourceDate "2023.05.31"]
[SourceVersion "1"]
[SourceVersionDate "2023.05.31"]
[SourceQuality "1"]

1. e4 c5 2. Nf3 Nc6 3. c3 Nf6 4. Bd3 d5 5. e5 Ng4 6. Qe2 Qc7 7. Bb5 Bd7 8. Bxc6 bxc6 9. h3 Nh6 10. d3 g6 11. Be3 d4 12. cxd4 cxd4 13. Bxd4 Bg7 14. 0-0 Nf5 15. Bc5 h5 16. Nc3 0-0 17. Rfe1 Rfd8 18. Rac1 Qb7 19. a4 Bh6 20. Rcd1 Bf8 21. Ng5 Ng7 22. Qf3 Be6 23. b3 Qd7 24. g4 Rab8 25. Re4 Bd5 26. e6 1-0

[Event "ESP-ch 87th"]
[Site "Linares"]
[Date "2022.08.17"]
[Round "8"]
[White "Suarez Uriel, Adrian"]
[Black "De la Cruz Revilla, Miguel"]
[Result "0-1"]
[WhiteElo "2402"]
[BlackElo "2213"]
[PlyCount "162"]
[EventDate "2022.08.11"]
[EventType "swiss"]
[EventRounds "9"]
[EventCountry "ESP"]
[SourceTitle "CBM 209 Extra"]
[Source "ChessBase"]
[SourceDate "2022.09.30"]
[SourceVersion "1"]
[SourceVersionDate "2022.09.30"]
[SourceQuality "1"]

1. e4 c5 2. Nf3 e6 3. d4 cxd4 4. Nxd4 a6 5. Bd3 Bc5 6. Nb3 Ba7 7. Qg4 Qf6 8. f4 Nh6 9. Qh3 Qg6 10. Be3 Qg4 11. Qxg4 Nxg4 12. Bxa7 Rxa7 13. N1d2 d6 14. Nc4 Ke7 15. a4 Bd7 16. a5 Bc6 17. Nd4 Nd7 18. Nb6 Ngf6 19. Nxd7 Bxd7 20. 0-0 g6 21. e5 dxe5 22. fxe5 Nd5 23. Be4 Ne3 24. Rf2 Rc8 25. h3 Rc5 26. Nf3 h6 27. b3 Bc6 28. Bxc6 bxc6 29. Re1 Rc3 30. Nd2 Nf5 31. Ne4 Re3 32. Rxe3 Nxe3 33. Nd6 Kf8 34. c4 Nf5 35. g4 Nxd6 36. exd6 Rb7 37. Rf3 Ke8 38. h4 f5 39. gxf5 gxf5 40. Rg3 c5 41. Kf2 Kd7 42. Rd3 Rb8 43. Ke2 Rg8 44. Kd2 Rg2+ 45. Kc3 f4 46. b4 cxb4+ 47. Kxb4 Rg3 48. Rd1 f3 49. c5 f2 50. Rf1 Rf3 51. Kc4 Kc6 52. Kd4 Rf5 53. Ke3 Rxc5 54. Rxf2 Kxd6 55. Rd2+ Ke5 56. Ra2 Rc3+ 57. Kd2 Rh3 58. Ra4 Kf5 59. Rc4 Ra3 60. Rc5+ e5 61. Rc6 Rxa5 62. Rxh6 Ke4 63. h5 Ra2+ 64. Kd1 Ke3 65. Rh8 Ra1+ 66. Kc2 e4 67. h6 Rh1 68. h7 Rh6 69. Kb3 Rb6+ 70. Ka4 Rb7 71. Ka5 Rf7 72. Kb4 Kf3 73. Kc4 e3 74. Kd3 Rd7+ 75. Kc2 Ke2 76. Kc3 Rf7 77. Ra8 Rxh7 78. Rxa6 Rd7 79. Rh6 Ke1 80. Rh1+ Kf2 81. Rh2+ Kg3 0-1

[Event "Salamanca Unamuno Cup"]
[Site "Salamanca"]
[Date "2021.12.05"]
[Round "5"]
[White "Bajo Gutierrez, Ignacio"]
[Black "De la Cruz Revilla, Miguel"]
[Result "1/2-1/2"]
[WhiteElo "2245"]
[BlackElo "2196"]
[PlyCount "90"]
[EventDate "2021.12.03"]
[EventType "swiss"]
[EventRounds "9"]
[EventCountry "ESP"]
[SourceTitle "EXT 2023"]
[Source "ChessBase"]
[SourceDate "2022.10.05"]
[SourceVersion "1"]
[SourceVersionDate "2022.10.05"]
[SourceQuality "1"]

1. e4 c5 2. Nf3 e6 3. d4 cxd4 4. Nxd4 a6 5. Nc3 Qc7 6. Bd3 Nc6 7. Nxc6 dxc6 8. a4 e5 9. 0-0 Nf6 10. h3 Be6 11. Qe2 Bc5 12. Bc4 Qe7 13. a5 Bd4 14. Bxe6 Qxe6 15. Na4 0-0 16. c3 Ba7 17. Be3 Bxe3 18. Qxe3 Nh5 19. b4 Nf4 20. Kh2 Rad8 21. Nc5 Qe7 22. Rad1 Ne6 23. Nxe6 Qxe6 24. Rd3 Rd7 25. Rfd1 Rxd3 26. Qxd3 f6 27. c4 h6 28. f3 Qe7 29. c5 Qe6 30. Qc2 Re8 31. Rd6 Qf7 32. g4 Re7 33. Qd2 Qb3 34. Kg3 Qb1 35. Kg2 Qb3 36. h4 Qf7 37. Kf2 g5 38. h5 Kg7 39. Kg3 Re8 40. Qc2 Re7 41. b5 axb5 42. a6 bxa6 43. Rxc6 Qc4 44. Qd2 Qf1 45. Qd6 Qg1+ 1/2-1/2

[Event "ESP-ch 84th"]
[Site "Marbella"]
[Date "2019.11.22"]
[Round "7"]
[White "De la Cruz Revilla, Miguel"]
[Black "Zurano Lopez, Pedro"]
[Result "1/2-1/2"]
[WhiteElo "2138"]
[BlackElo "2292"]
[PlyCount "60"]
[EventDate "2019.11.16"]
[EventType "swiss"]
[EventRounds "9"]
[EventCountry "ESP"]
[SourceTitle "CBM 193 Extra"]
[Source "ChessBase"]
[SourceDate "2020.01.31"]
[SourceVersion "1"]
[SourceVersionDate "2020.01.31"]
[SourceQuality "1"]

1. e4 c6 2. Nc3 d5 3. Nf3 dxe4 4. Nxe4 Nf6 5. Qe2 Na6 6. Nxf6+ gxf6 7. d4 Bf5 8. c3 Qd7 9. g3 h5 10. Nh4 Bh3 11. Bxh3 Qxh3 12. Bf4 0-0-0 13. 0-0-0 Nc7 14. Kb1 Nd5 15. Bc1 Qg4 16. f3 Qd7 17. Rhe1 e6 18. f4 f5 19. Nf3 Qc7 20. Be3 Kb8 21. c4 Nxe3 22. Qxe3 Bg7 23. Qb3 Rd6 24. Rd2 Rhd8 25. Red1 Qb6 26. Qxb6 axb6 27. a4 Kc7 28. Kc2 Ra8 29. Kb3 Bf6 30. Ne5 Bxe5 1/2-1/2

[Event "ESP-ch 84th"]
[Site "Marbella"]
[Date "2019.11.19"]
[Round "4"]
[White "Hernando Rodrigo, Julio Antonio"]
[Black "De la Cruz Revilla, Miguel"]
[Result "1/2-1/2"]
[WhiteElo "2271"]
[BlackElo "2138"]
[PlyCount "68"]
[EventDate "2019.11.16"]
[EventType "swiss"]
[EventRounds "9"]
[EventCountry "ESP"]
[SourceTitle "CBM 193 Extra"]
[Source "ChessBase"]
[SourceDate "2020.01.31"]
[SourceVersion "1"]
[SourceVersionDate "2020.01.31"]
[SourceQuality "1"]

1. d4 Nf6 2. c4 Nc6 3. Nf3 e6 4. g3 Bb4+ 5. Bd2 Qe7 6. a3 Bxd2+ 7. Qxd2 d6 8. Nc3 0-0 9. Bg2 e5 10. Nd5 Nxd5 11. cxd5 Nxd4 12. Nxd4 exd4 13. Qxd4 Bd7 14. Rd1 Rfe8 15. e3 Bb5 16. a4 c5 17. dxc6 Bxc6 18. 0-0 Bxg2 19. Kxg2 a6 20. a5 Rad8 21. Rd3 Qc7 22. Qb6 Re7 23. Rc1 Qxb6 24. axb6 f6 25. Rd5 Kf7 26. Kf3 Rdd7 27. e4 Re5 28. Ke3 Rde7 29. Rxe5 dxe5 30. f4 Rd7 31. Rc5 Ke6 32. b4 Rd6 33. f5+ Ke7 34. Rc7+ Rd7 1/2-1/2

[Event "ESP-ch Autonomicas"]
[Site "Gijon"]
[Date "2011.05.02"]
[Round "6.2"]
[White "De la Cruz Revilla, Miguel"]
[Black "Lorente Penalva, Diego"]
[Result "1-0"]
[WhiteElo "1997"]
[BlackElo "2175"]
[PlyCount "99"]
[EventDate "2011.04.29"]
[EventType "team-swiss"]
[EventRounds "6"]
[EventCountry "ESP"]
[SourceTitle "CBM 142 Extra"]
[Source "ChessBase"]
[SourceDate "2011.06.27"]
[SourceVersion "1"]
[SourceVersionDate "2011.06.27"]
[SourceQuality "1"]
[WhiteTeam "Castilla y Leon"]
[BlackTeam "La Rioja"]
[WhiteTeamCountry "ESP"]
[BlackTeamCountry "ESP"]

1. e4 c5 2. Nf3 d6 3. d4 cxd4 4. Nxd4 Nf6 5. Nc3 g6 6. Be3 Bg7 7. f3 0-0 8. Qd2 Nc6 9. 0-0-0 Nxd4 10. Bxd4 Be6 11. Nd5 Bxd5 12. exd5 Qc7 13. Kb1 Rfc8 14. Rc1 a5 15. Bb5 a4 16. c4 e5 17. dxe6 fxe6 18. Rhd1 e5 19. Bc3 Rd8 20. Bb4 Bf8 21. Qe3 Nd7 22. h4 Nc5 23. g3 Qg7 24. Bc3 Qf6 25. Rc2 Qf5 26. g4 Qf4 27. Qxf4 exf4 28. Bf6 Rdb8 29. Re2 Kf7 30. g5 Rc8 31. Rd4 Ra5 32. Rxf4 Nd3 33. Bd7 Nxf4 34. Re4 Rc7 35. Be8+ Kg8 36. Bd8 Re5 37. Bxc7 Rxe4 38. fxe4 Ng2 39. Bxa4 Be7 40. Bd7 Nxh4 41. Bc8 Nf3 42. Bxb7 Nxg5 43. a4 Kg7 44. a5 Ne6 45. Bb6 Bd8 46. Bxd8 Nxd8 47. a6 Ne6 48. a7 Nc7 49. e5 dxe5 50. b4 1-0

[Event "ESP-ch Autonomicas"]
[Site "Gijon"]
[Date "2011.05.01"]
[Round "4.2"]
[White "De la Cruz Revilla, Miguel"]
[Black "Franco Alonso, Alejandro"]
[Result "0-1"]
[WhiteElo "1997"]
[BlackElo "2489"]
[PlyCount "64"]
[EventDate "2011.04.29"]
[EventType "team-swiss"]
[EventRounds "6"]
[EventCountry "ESP"]
[SourceTitle "CBM 142 Extra"]
[Source "ChessBase"]
[SourceDate "2011.06.27"]
[SourceVersion "1"]
[SourceVersionDate "2011.06.27"]
[SourceQuality "1"]
[WhiteTeam "Castilla y Leon"]
[BlackTeam "Pais Vasco"]
[WhiteTeamCountry "ESP"]
[BlackTeamCountry "ESP"]

1. e4 c5 2. Nf3 e6 3. d4 cxd4 4. Nxd4 a6 5. Bd3 Qc7 6. 0-0 Nf6 7. Qe2 d6 8. a4 Nc6 9. Nb3 b6 10. Nc3 Be7 11. Be3 0-0 12. f4 Re8 13. h3 Bf8 14. Qf2 Rb8 15. Rae1 Nd7 16. f5 Nce5 17. Bd4 Nc5 18. Nc1 Bb7 19. b4 Ncd7 20. N1e2 Kh8 21. fxe6 fxe6 22. Qg3 Nf6 23. Qe3 Ned7 24. Nd1 e5 25. Ba1 d5 26. exd5 Bxb4 27. Kh1 Bxe1 28. Rxe1 e4 29. Nf4 exd3 30. Ne6 Qd6 31. Qg5 Re7 32. Nc3 Rxe6 0-1

[Event "ESP-ch Autonomicas"]
[Site "Gijon"]
[Date "2011.04.30"]
[Round "3.2"]
[White "Suarez Real, Alberto"]
[Black "De la Cruz Revilla, Miguel"]
[Result "1-0"]
[WhiteElo "2386"]
[BlackElo "1997"]
[PlyCount "77"]
[EventDate "2011.04.29"]
[EventType "team-swiss"]
[EventRounds "6"]
[EventCountry "ESP"]
[SourceTitle "CBM 142 Extra"]
[Source "ChessBase"]
[SourceDate "2011.06.27"]
[SourceVersion "1"]
[SourceVersionDate "2011.06.27"]
[SourceQuality "1"]
[WhiteTeam "Asturias"]
[BlackTeam "Castilla y Leon"]
[WhiteTeamCountry "ESP"]
[BlackTeamCountry "ESP"]

1. e4 d6 2. d4 g6 3. Nc3 Bg7 4. Be3 Nf6 5. f3 c6 6. Qd2 Qa5 7. Bd3 e5 8. Nge2 Nbd7 9. 0-0 0-0 10. a4 Qb4 11. a5 d5 12. exd5 cxd5 13. Ra4 Qe7 14. Bg5 Qe8 15. dxe5 Nxe5 16. Rf4 Nh5 17. Rh4 Nxd3 18. cxd3 f6 19. Bh6 g5 20. Bxg7 Nxg7 21. Rd4 Nf5 22. Rb4 Qe7 23. Rb5 d4 24. Nd5 Qd6 25. Qb4 Qxb4 26. Rxb4 Ne3 27. Nxe3 dxe3 28. Re4 Bf5 29. Rxe3 Rfd8 30. Rd1 Rd5 31. Re7 Rxd3 32. Rxd3 Bxd3 33. Nc3 Rb8 34. Nd5 Kf8 35. Rd7 Bf5 36. Nxf6 b6 37. Rxa7 bxa5 38. Rxa5 Be6 39. Nxh7+ 1-0

[Event "ESP-chT Autonomicas 4th"]
[Site "Villava"]
[Date "2009.05.02"]
[Round "5"]
[White "Idiazabal Troyas, Aritz"]
[Black "De la Cruz Revilla, Miguel"]
[Result "0-1"]
[WhiteElo "1838"]
[BlackElo "1907"]
[PlyCount "100"]
[EventDate "2009.04.30"]
[EventType "team-tourn"]
[EventRounds "6"]
[EventCountry "ESP"]
[SourceTitle "CBM 130 Extra"]
[Source "ChessBase"]
[SourceDate "2009.07.02"]
[SourceVersion "2"]
[SourceVersionDate "2009.07.15"]
[SourceQuality "1"]

1. e4 Nf6 2. e5 Nd5 3. d4 d6 4. c4 Nb6 5. Nf3 Bg4 6. Be2 dxe5 7. Nxe5 Bxe2 8. Qxe2 Qxd4 9. 0-0 Nc6 10. Nxc6 bxc6 11. Na3 e6 12. Be3 Qf6 13. Nc2 c5 14. b3 Bd6 15. Rfe1 0-0 16. Qg4 a5 17. Rad1 a4 18. b4 Nd7 19. bxc5 Nxc5 20. Nd4 Qg6 21. Qxg6 hxg6 22. Nb5 Nb7 23. Nxd6 cxd6 24. Re2 Rfc8 25. Rc2 Ra6 26. Rb1 Nc5 27. f3 e5 28. Kf2 f5 29. Ke2 Kf7 30. Bxc5 Rxc5 31. Rb7+ Kf6 32. Rd7 Rac6 33. Kd3 g5 34. Ra7 d5 35. Rxa4 e4+ 36. fxe4 dxe4+ 37. Kd4 Re5 38. Ke3 f4+ 39. Ke2 Rec5 40. Rb4 Ke5 41. g3 Kf5 42. a4 Kg4 43. Kf2 e3+ 44. Ke2 Re5 45. Rb5 f3+ 46. Ke1 Re4 47. h3+ Kxh3 48. Rxg5 Rcxc4 49. Rh5+ Kxg3 50. Rhh2 f2+ 0-1

[Event "ESP-chT Autonomicas 4th"]
[Site "Villava"]
[Date "2009.05.01"]
[Round "3"]
[White "Perez Lopez, Jesus Maria"]
[Black "De la Cruz Revilla, Miguel"]
[Result "0-1"]
[WhiteElo "2263"]
[BlackElo "1907"]
[PlyCount "136"]
[EventDate "2009.04.30"]
[EventType "team-tourn"]
[EventRounds "6"]
[EventCountry "ESP"]
[SourceTitle "CBM 130 Extra"]
[Source "ChessBase"]
[SourceDate "2009.07.02"]
[SourceVersion "2"]
[SourceVersionDate "2009.07.15"]
[SourceQuality "1"]

1. d4 Nf6 2. c4 e6 3. Nf3 b6 4. g3 Bb7 5. Bg2 Be7 6. 0-0 0-0 7. Nc3 d5 8. Ne5 Qc8 9. cxd5 exd5 10. Qb3 Qe6 11. Bg5 Rd8 12. Nd3 c6 13. Rfe1 Qf5 14. h4 h6 15. Bf4 Ba6 16. e4 dxe4 17. Ne5 Qe6 18. Qxe6 fxe6 19. Nxe4 Rxd4 20. Ng6 Kf7 21. Nxe7 Kxe7 22. Nxf6 gxf6 23. Bxh6 Bc4 24. Be3 Rd6 25. Bf4 e5 26. Be3 Bd5 27. a4 Bxg2 28. Kxg2 Ke6 29. a5 b5 30. h5 Na6 31. Rh1 Rd7 32. Rac1 Rc8 33. Rh4 c5 34. Rg4 Rh7 35. h6 Kf5 36. Rh4 c4 37. f4 Nb4 38. fxe5 fxe5 39. Rf1+ Ke6 40. Rg4 Nd3 41. Rg6+ Kd5 42. Rg7 Rhh8 43. Rxa7 Nxb2 44. Rb7 Nd3 45. Rxb5+ Ke4 46. Bg5 c3 47. a6 Ra8 48. Rb6 Rhc8 49. Kh3 c2 50. Kh4 c1Q 51. Bxc1 Nxc1 52. g4 Nd3 53. Rf7 Nf4 54. Kg5 Rg8+ 55. Rg7 Rge8 56. Kh4 Nd5 57. Rbg6 Nf4 58. Rd6 Kf3 59. Rf6 Rac8 60. h7 Rh8 61. Kg5 Ke4 62. a7 Nd5 63. Ra6 Ra8 64. Kh6 Kd4 65. g5 e4 66. Rd7 e3 67. Re6 Rae8 68. a8Q Rxe6+ 0-1

[Event "ESP-ch U16"]
[Site "Padron"]
[Date "2008.07.22"]
[Round "4"]
[White "De la Cruz Revilla, Miguel"]
[Black "Montanes Arribas, Adrian"]
[Result "1/2-1/2"]
[WhiteElo "1855"]
[BlackElo "2034"]
[PlyCount "72"]
[EventDate "2008.07.20"]
[EventType "swiss"]
[EventRounds "9"]
[EventCountry "ESP"]
[SourceTitle "EXT 2010"]
[Source "ChessBase"]
[SourceDate "2010.11.25"]
[SourceVersion "1"]
[SourceVersionDate "2010.11.25"]
[SourceQuality "1"]

1. d4 d5 2. c4 e6 3. Nc3 c5 4. cxd5 exd5 5. Nf3 Nc6 6. g3 Nf6 7. Bg2 Be7 8. 0-0 0-0 9. Bg5 cxd4 10. Nxd4 h6 11. Bf4 Bg4 12. h3 Bh5 13. Rc1 Re8 14. Ndb5 g5 15. Bc7 Qd7 16. g4 a6 17. Nxd5 Nxd5 18. Qxd5 Qxd5 19. Bxd5 axb5 20. gxh5 Nb4 21. Bxb7 Ra7 22. Bf3 Nxa2 23. Rc6 Rc8 24. Be5 Rxc6 25. Bxc6 Ra5 26. Ra1 Bd8 27. Rd1 Bb6 28. Rd6 Bc7 29. Rd5 Bxe5 30. Rxe5 Nc1 31. Bxb5 Nxe2+ 32. Rxe2 Rxb5 33. Kg2 Rb3 34. f3 Kg7 35. Kg3 Rb4 36. Rc2 Rb5 1/2-1/2

[Event "ESP-ch U16"]
[Site "Padron"]
[Date "2008.07.21"]
[Round "3"]
[White "Pozueta Alegria, Adrian"]
[Black "De la Cruz Revilla, Miguel"]
[Result "0-1"]
[WhiteElo "2016"]
[BlackElo "1855"]
[PlyCount "102"]
[EventDate "2008.07.20"]
[EventType "swiss"]
[EventRounds "9"]
[EventCountry "ESP"]
[SourceTitle "EXT 2010"]
[Source "ChessBase"]
[SourceDate "2010.11.25"]
[SourceVersion "1"]
[SourceVersionDate "2010.11.25"]
[SourceQuality "1"]

1. e4 d6 2. d4 g6 3. Nc3 Bg7 4. Be3 Nf6 5. Be2 0-0 6. h4 e5 7. Qd2 exd4 8. Bxd4 Nc6 9. Be3 Re8 10. f3 Re5 11. 0-0-0 Be6 12. Nh3 Nb4 13. a3 Ra5 14. Bh6 Bh8 15. Kb1 Na6 16. Nf4 Qe7 17. Ncd5 Nxd5 18. Nxd5 Bxd5 19. Qxa5 Qe5 20. Qc3 Qxc3 21. bxc3 Be6 22. Bd2 Nc5 23. g4 b5 24. Kc1 Rb8 25. Be3 Bxc3 26. Bd4 b4 27. axb4 Bxb4 28. Bxc5 dxc5 29. c4 Ba3+ 30. Kd2 Rb3 31. Bd3 Bb4+ 32. Ke2 Rb2+ 33. Ke3 a5 34. Ra1 Bd2+ 35. Kf2 Bc3+ 36. Ke3 Bd2+ 37. Ke2 Bc3+ 38. Ke3 Bd4+ 39. Kf4 Rd2 40. Ra3 a4 41. Rb1 Kg7 42. Rb7 h6 43. Rxc7 g5+ 44. hxg5 hxg5+ 45. Kxg5 Be3+ 46. f4 Rf2 47. Rxf7+ Kxf7 48. Kh4 Bxf4 49. Bb1 Rh2+ 50. Rh3 Rxh3+ 51. Kxh3 Bxc4 0-1

[Event "ESP-ch U16"]
[Site "Padron"]
[Date "2008.07.20"]
[Round "1"]
[White "Herrera Delgado, Alejandro"]
[Black "De la Cruz Revilla, Miguel"]
[Result "1-0"]
[WhiteElo "2204"]
[BlackElo "1855"]
[PlyCount "41"]
[EventDate "2008.07.20"]
[EventType "swiss"]
[EventRounds "9"]
[EventCountry "ESP"]
[SourceTitle "EXT 2010"]
[Source "ChessBase"]
[SourceDate "2010.11.25"]
[SourceVersion "1"]
[SourceVersionDate "2010.11.25"]
[SourceQuality "1"]

1. e4 g6 2. d4 d6 3. Nc3 Bg7 4. Bg5 Nf6 5. e5 Nfd7 6. exd6 cxd6 7. Qd2 Nc6 8. Nf3 Qa5 9. h4 Nf6 10. 0-0-0 Bd7 11. Bc4 h6 12. Bf4 Nh5 13. Be3 Rc8 14. Bb3 b5 15. Rhe1 Qb4 16. Kb1 Na5 17. Qe2 Nxb3 18. axb3 Bf5 19. g4 Rxc3 20. gxf5 Rc7 21. Bd2 1-0